000 01868cam a2200301 i 4500
001 18042
003 CO-MdFUSB
005 20240604143448.0
008 240601t1991 -ck||||| |||| 00| 0 spa d
020 _a958-625-158-6
040 _cCO-MdFUSB
041 _aspa
082 0 4 _224
_aG 234
_bG6439n
100 1 _aGonzalez, Carlos Ignacio
_eautor
245 1 0 _aEl es nuestra salvación :
_bcristología y soteriología /
_cCarlos Ignacio González
264 1 _aSanta fe de Bogotá, Colombia :
_bCELAM,
_c[1991]
264 4 _c© 1991
300 _a581 páginas
336 _atexto
_btxt
_2rdacontent
337 _2rdamedia
_asin mediación
_bn
338 _2rdacarrier
_avolumen
_bnc
501 _aRústico
505 _aParte I: Antiguo Testamento: Yahve Salva -- Todos los hombres experimentan el mal y buscan la salvación -- Pecado, esclavitud y liberación en el Antiguo Testamento -- Un pueblo que vive esperando en la promesa \ Parte II. Nuevo Testamento: Jesús es "Yahve que salva" -- "Convertíos, porque el reino de Dios esta presente" -- "El Os Ha enriquecido con su pobreza" -- "Obediente hasta la muerte y muerte de cruz" -- El lo hizo nuestra sabiduría, justificación, sacrificio y redención -- Resucitado por nuestra justicia -- Tu eres el Cristo el Hijo del Dios vivo \ Parte III. Cristología y soteriología en la Antigua tradición de la iglesia -- Cristología y soteriología de los padres antenicenos -- Los santos padres y concilios que financiaron la doctrina cristológica -- Cristologías clásicas: San Anselmo y Santo Tomas\ Parte IV. Para anunciar a Jesucristo hoy -- Quién es Jesucristo -- Cómo es y cómo actúa Jesucristo -- Para una evangelización liberadora en Cristo -- Algunas cristologías que partes de la reforma.
653 _aCristología
653 _aSoteriología
942 _cBK
945 _aEstudiante
999 _c44535
_d44535